00425nam a2200133ia 4500020002200000040000800022082002600030245004300056260006600099300002800165650003300193650003900226700002600265 a0803995997 (pbk.) cDLC0 a630 SAG 1989 A109 Or.00aCommunication and Indian agriculture /0 aNew Delhi ;aNewbury Park, Calif. :bSage Publications,c1989 a319 p. :bill. ;c23 cm 0aCommunication in agriculture 0aCommunication in rural development10aOstman, Ronald Elroy,